Statystyki dla Ranking średniego IQ w Europie

Kliknij tutaj aby rozwiązać quiz!

Ogólne statystyki

  • Ten quiz został rozwiązany 74 razy
  • Średni wynik to 10 z 11

Statystyki odpowiedzi

Wynik IQPaństwo% Poprawnych
99Węgry | Polska | Hiszpania
100%
102Niemcy | Austria | Włochy | Holandia
99%
98Dania | Francja | Norwegia
97%
101Szwecja | Szwajcaria
93%
100Belgia | Wielka Brytania
91%
97Czechy | Finlandia
91%
96Rosja | Słowacja
87%
95Portugalia | Słowenia
83%
93Bułgaria | Irlandia
81%
92Grecja
81%
94Rumunia
70%

Rozkład punktacji

Percentyl według liczby udzielonych odpowiedzi

Procent ludzi z każdym wynikiem

Twoja historia wyników

Nie rozwiązałeś tego quizu